El último rey (Record no. 19340)

MARC details
000 -LEADER
campo de control de longitud fija 01090nam a2200313 i 4500
001 - NÚMERO DE CONTROL
campo de control 19340
003 - IDENTIFICADOR DE NÚMERO DE CONTROL
campo de control ES-MaACL
005 - FECHA Y HORA DE LA ÚLTIMA TRANSACCIÓN
campo de control 20230906152055.0
007 - CAMPO FIJO DE DESCRIPCIÓN FÍSICA--INFORMACIÓN GENERAL
campo de control de longitud fija t|
008 - DATOS DE LONGITUD FIJA--INFORMACIÓN GENERAL
campo de control de longitud fija 020724s2002 sp ||||0| spa j
020 ## - NÚMERO INTERNACIONAL ESTÁNDAR DEL LIBRO
Número Internacional Estándar del Libro 84-8109-367-X Galaxia Gutenberg
020 ## - NÚMERO INTERNACIONAL ESTÁNDAR DEL LIBRO
Número Internacional Estándar del Libro 84-226-9291-0 Círculo de Lectores
040 ## - FUENTE DE CATALOGACIÓN
Centro catalogador/agencia de origen M-BN
Lengua de catalogación spa
Centro/agencia transcriptor M-BN
080 ## - NÚMERO DE LA CLASIFICACIÓN DECIMAL UNIVERSAL
Número de la Clasificación Decimal Universal 929 Mohamed (64) VI
080 ## - NÚMERO DE LA CLASIFICACIÓN DECIMAL UNIVERSAL
Número de la Clasificación Decimal Universal 32(64)"1999/..."
100 1# - ENTRADA PRINCIPAL--NOMBRE DE PERSONA
Nombre de persona Tuquoi, Jean-Pierre.
9 (RLIN) 111685
245 13 - MENCIÓN DEL TÍTULO
Título El último rey
Resto del título : crepúsculo de una dinastía /
Mención de responsabilidad, etc. Jean-Pierre Tuquoi ; epílogo de Ignacio Cembrero ; traducción de Noemí Sobregués y David Cifuentes.
250 ## - MENCION DE EDICION
Mención de edición 1ª ed.
260 ## - PUBLICACIÓN, DISTRIBUCIÓN, ETC.
Lugar de publicación, distribución, etc. Barcelona :
Nombre del editor, distribuidor, etc. Galaxia Gutenberg :
-- Círculo de Lectores,
Fecha de publicación, distribución, etc. 2002.
300 ## - DESCRIPCIÓN FÍSICA
Extensión 278 p ;
Dimensiones 22 cm.
500 ## - NOTA GENERAL
Nota general Indice.
600 14 - PUNTO DE ACCESO ADICIONAL DE MATERIA--NOMBRE DE PERSONA
Nombre de persona Mohamed
Numeración VI
Títulos y otros términos asociados al nombre Rey de Marruecos.
9 (RLIN) 81793
651 #4 - PUNTO DE ACCESO ADICIONAL DE MATERIA--NOMBRE GEOGRÁFICO
Nombre geográfico Marruecos-
Subdivisión general Política y gobierno-
Subdivisión cronológica 1999-
9 (RLIN) 9033
700 1# - ENTRADA AGREGADA--NOMBRE PERSONAL
Nombre de persona Cembrero, Ignacio.
9 (RLIN) 37390
700 1# - ENTRADA AGREGADA--NOMBRE PERSONAL
Nombre de persona Sobregués, Noemí.
9 (RLIN) 106996
700 1# - ENTRADA AGREGADA--NOMBRE PERSONAL
Nombre de persona Cifuentes, David.
9 (RLIN) 38803
852 ## - LOCALIZACIÓN
Ubicación ES-MaACL
Número de control de estantería L-25774
Sublocalización o colección R.131543
Holdings
Estatus retirado Estado de pérdida Estado de daño No para préstamo Biblioteca de origen Biblioteca actual Ubicación en estantería Fecha de adquisición Fuente de adquisición Total de préstamos Signatura topográfica completa Código de barras Visto por última vez Precio de reemplazo Tipo de ítem Koha
        Biblioteca del Ateneo de Madrid Biblioteca del Ateneo de Madrid Depósito 2 17/01/2008     L-25774 1019788 23/02/2023 23/02/2023 Libro impreso